000
00336 a2200109 4500
001
ART_45082
005
20260410162038.0
008
260409a
245
1
0
_a
Turismo y trabajo
100
1
_a
Becerra, María Evelyn
773
0
_t
Revista de estudios regionales y mercado de trabajo
_g
- Nº 5 (ene./dic. 2009)
_w
REV44894
999
_c
34652
_d
34652